000
00228 a2200097 4500
001
38630
100
_a
Minasi M
245
_a
Mastering Window NT server 4
260
_a
New Delhi
_b
BPB Publication
_c
1997
090
_c
24498
_d
24498
942
_a
NUST-CAE
_c
M
_c
16111
999
_c
273703
_d
273703